Formazione dottrinale (La) (Record n. 87355)
[ formato base ]
| 000 -LEADER | |
|---|---|
| fixed length control field | 01035nam a2200289Ia 4500 |
| 001 - CONTROL NUMBER | |
| control field | F6001 |
| 003 - CONTROL NUMBER IDENTIFIER | |
| control field | IT-RoPAU |
| 008 - FIXED-LENGTH DATA ELEMENTS--GENERAL INFORMATION | |
| fixed length control field | 130308s9999 xx 000 0 und d |
| 040 ## - CATALOGING SOURCE | |
| Original cataloging agency | IT-RoPAU |
| 040 ## - CATALOGING SOURCE | |
| Transcribing agency | IT-RoPAU |
| 041 ## - LANGUAGE CODE | |
| Language code of text/sound track or separate title | ITALIANO |
| 100 ## - MAIN ENTRY--PERSONAL NAME | |
| Personal name | Marazza Antonietta |
| 100 ## - MAIN ENTRY--PERSONAL NAME | |
| Miscellaneous information | Codice Aut. SPICS: 51896 |
| 245 ## - TITLE STATEMENT | |
| Title | Formazione dottrinale (La) |
| 245 ## - TITLE STATEMENT | |
| Remainder of title | Atti del Convegno delle Maestre di Formazione (8-17 Luglio 1967) |
| 250 ## - EDITION STATEMENT | |
| Edition statement | 1a ed. |
| 260 ## - PUBLICATION, DISTRIBUTION, ETC. (IMPRINT) | |
| Place of publication, distribution, etc. | ROMA |
| 260 ## - PUBLICATION, DISTRIBUTION, ETC. (IMPRINT) | |
| Name of publisher, distributor, etc. | Edizioni Paoline Fsp |
| 260 ## - PUBLICATION, DISTRIBUTION, ETC. (IMPRINT) | |
| Date of publication, distribution, etc. | 1967 [1° Ed.:1967 - Ed.Ling.Originale:1967] |
| 300 ## - PHYSICAL DESCRIPTION | |
| Extent | "24 p. (prefazione: no ; testo: 24 [pagine: 215-238])" |
| 500 ## - GENERAL NOTE | |
| General note | Formatività degli Studi. Ordinamento delle Scuole in Congregazione. caratteristiche dei Nostri Studi. Necessità di Aggiornamento. Inserimento Nei corsi Superiori. sintesi delle relazioni dei Gruppi. Puntualizzazioni in Sessione Plenaria. |
| 650 ## - SUBJECT ADDED ENTRY--TOPICAL TERM | |
| Topical term or geographic name as entry element | AUTORI/OPERE FAMIGLIA PAOLINA |
| 650 ## - SUBJECT ADDED ENTRY--TOPICAL TERM | |
| Relator term | Codice materia Spics: 9903 |
| 942 ## - ADDED ENTRY ELEMENTS (KOHA) | |
| Koha item type | LIBRO |
| 957 ## - | |
| -- | 1 |
| 999 ## - SYSTEM CONTROL NUMBERS (KOHA) | |
| -- | 1 |
| Withdrawn status | Lost status | Damaged status | Not for loan | Home library | Current library | Date acquired | Total Checkouts | Full call number | Date last seen | Price effective from | Koha item type | Public note |
|---|---|---|---|---|---|---|---|---|---|---|---|---|
| Buone Condizioni | Not For Loan | SPICS-MEDIATECA | SPICS-MEDIATECA | 08/03/2013 | F6001 | 08/03/2013 | 08/03/2013 | LIBRO | Progressivo inserimento: 60398 / N. Volumi: 0 [=Contributo] Copie: 1 / data import: 1 marzo 2013 - By Epidotti, Trombetti, Vaglietti. |